Catalog

Record Details

Catalog Search



Peanut butter and jelly : a play rhyme / ... Read More

Available copies

  • 1 of 1 copy available at LARL/NWRL Consortium.

Current holds

0 current holds with 1 total copy.

Show Only Available Copies
Location Call Number / Copy Notes Barcode Shelving Location Status Due Date
Godel Memorial-Warren Library Guided Reading G-6 (Text) 35500001933306 Main Available -

Record details

  • ISBN: 0140548521 :
  • Physical Description: [24] p. : col. ill. ; 21 x 22 cm.
  • Edition: 1st Unicorn ed.
  • Publisher: New York : Dutton Children's Books, 1992, c1987.

Content descriptions

General Note:
"A Puffin unicorn."
Summary, etc.:
Rhyming text and illustrations explain how to make ... Read More
Subject: Hand games > Juvenile literature.
LDR 01015cam a2200241Ia 4500
001130515
003LARL_NWRL_CONSORTIUM
00519980504085252.0
008921029t19921987nyua j 000 0 eng d
010 . ‡a86032889
020 . ‡a0140548521 :
040 . ‡aJED ‡cJED ‡dTXI
049 . ‡aNRG
1001 . ‡aWestcott, Nadine Bernard. ‡0(LARL_NWRL_CONSORTIUM)54509
24510. ‡aPeanut butter and jelly : ‡ba play rhyme / ‡cillustrated by Nadine Bernard Westcott.
250 . ‡a1st Unicorn ed.
260 . ‡aNew York : ‡bDutton Children's Books, ‡c1992, c1987.
300 . ‡a[24] p. : ‡bcol. ill. ; ‡c21 x 22 cm.
500 . ‡a"A Puffin unicorn."
520 . ‡aRhyming text and illustrations explain how to make a peanut butter and jelly sandwich. Includes instructions for accompanying hand and foot motions at the end of the book.
650 0. ‡aHand games ‡vJuvenile literature.
901 . ‡a130515 ‡bISxN ‡c130515 ‡tbiblio

Additional Resources